000 00382nam a2200145Ia 4500
008 230917s9999||||xx |||||||||||||| ||und||
040 _e159650
_aMAIN
041 _aEnglish
082 _a320.03 S69I
100 _aShiv Lal, ed.
245 0 _aInternational encyclopedia of politics and laws. V1-17
260 _aNew Delhi
_bElection Archives
_cn.d.
300 _av. p.
942 _cBK
999 _c58634
_d58634